000 00751nam a22002057a 4500
005 20180517170617.0
010 _aENG-123049
020 _a9788193339565
_c300.00
035 _aEN-106581
037 _bDBAD/PUB
082 _a572
100 _aBasu, Pallab
245 _aBiochemistry laboratory manual :
_bincluding clinical problems, viva voce and chapter-wise multiple choice questions for MD/MS entrance examinations /
_cby Pallab Basu
250 _a3rd edn.
260 _aKolkata
_bAcademic Publishers
_c2017
270 _a5A, Bhawani Dutta Lane,
_bKolkata
_e700073
_mcontact@academicpublishers.in
300 _axiv, 371p
_c25cm.(pbk)
500 _a10 years MBBS university questions solved
942 _2ddc
_cEN
_h572
_mBAS
999 _c152132
_d152132